Slow Typing - Countries of the World Quiz - Statistics

General Stats
  • This quiz has been taken 27 times
  • The average score is 109 of 196
Answers on the Map
Answers color-coded by a green-red scale on the quiz's map according to % correct below.
 
Answer Stats
Country % Correct
Canada
94%
United States
89%
Brazil
83%
France
83%
Mexico
83%
Argentina
78%
Germany
78%
Iceland
78%
Russia
78%
Sweden
78%
United Kingdom
78%
Australia
72%
Belgium
72%
Chile
72%
China
72%
Denmark
72%
Finland
72%
Greece
72%
India
72%
Italy
72%
Japan
72%
Niger
72%
Panama
72%
Portugal
72%
Spain
72%
Costa Rica
67%
Cuba
67%
Czech Republic
67%
Egypt
67%
Estonia
67%
Hungary
67%
Ireland
67%
Jamaica
67%
Luxembourg
67%
Netherlands
67%
Nigeria
67%
North Macedonia
67%
Norway
67%
Peru
67%
Poland
67%
Slovakia
67%
South Africa
67%
Turkey
67%
United Arab Emirates
67%
Albania
61%
Andorra
61%
Bolivia
61%
Colombia
61%
Croatia
61%
Democratic Republic of the Congo
61%
El Salvador
61%
Honduras
61%
Indonesia
61%
Iran
61%
Iraq
61%
Latvia
61%
Lithuania
61%
Montenegro
61%
New Zealand
61%
Qatar
61%
Republic of the Congo
61%
Romania
61%
Saudi Arabia
61%
Serbia
61%
Slovenia
61%
South Korea
61%
Sudan
61%
Switzerland
61%
Thailand
61%
Ukraine
61%
Uruguay
61%
Algeria
56%
Armenia
56%
Austria
56%
Belarus
56%
Bosnia and Herzegovina
56%
Bulgaria
56%
Chad
56%
Cyprus
56%
Ecuador
56%
Guatemala
56%
Israel
56%
Ivory Coast
56%
Kenya
56%
Kosovo
56%
Liechtenstein
56%
Madagascar
56%
Mali
56%
Moldova
56%
Mongolia
56%
Morocco
56%
Nicaragua
56%
North Korea
56%
Oman
56%
Pakistan
56%
Paraguay
56%
Senegal
56%
South Sudan
56%
Tunisia
56%
Uganda
56%
Venezuela
56%
Zambia
56%
Zimbabwe
56%
Afghanistan
50%
Angola
50%
Azerbaijan
50%
Bahrain
50%
Bangladesh
50%
Barbados
50%
Botswana
50%
Burundi
50%
Cambodia
50%
Cameroon
50%
Comoros
50%
Dominican Republic
50%
Fiji
50%
Gabon
50%
Georgia
50%
Guinea
50%
Guyana
50%
Haiti
50%
Jordan
50%
Kazakhstan
50%
Kuwait
50%
Lebanon
50%
Lesotho
50%
Malaysia
50%
Malta
50%
Mozambique
50%
Myanmar
50%
Nepal
50%
Papua New Guinea
50%
Philippines
50%
Rwanda
50%
San Marino
50%
Singapore
50%
Sri Lanka
50%
Turkmenistan
50%
Vietnam
50%
Yemen
50%
Antigua and Barbuda
44%
Bahamas
44%
Belize
44%
Benin
44%
Bhutan
44%
Brunei
44%
Burkina Faso
44%
Cape Verde
44%
São Tomé and Príncipe
44%
Djibouti
44%
Dominica
44%
East Timor
44%
Eswatini
44%
Federated States of Micronesia
44%
Kiribati
44%
Kyrgyzstan
44%
Laos
44%
Liberia
44%
Libya
44%
Maldives
44%
Marshall Islands
44%
Mauritania
44%
Mauritius
44%
Monaco
44%
Namibia
44%
Nauru
44%
Saint Kitts and Nevis
44%
Saint Lucia
44%
Saint Vincent and the Grenadines
44%
Seychelles
44%
Sierra Leone
44%
Somalia
44%
Suriname
44%
Syria
44%
Taiwan
44%
Tanzania
44%
Togo
44%
Trinidad and Tobago
44%
Uzbekistan
44%
Vatican City
44%
Central African Republic
39%
Equatorial Guinea
39%
Eritrea
39%
Ethiopia
39%
Ghana
39%
Grenada
39%
Guinea-Bissau
39%
Malawi
39%
Palau
39%
Samoa
39%
Solomon Islands
39%
Tajikistan
39%
Tonga
39%
Tuvalu
39%
Vanuatu
39%
Gambia
33%
No matching quizzes found
Score Distribution
Percent of People with Each Score
Percentile by Number Answered
Your Score History
You have not taken this quiz